000 00706cab a2200217 4500
001 WB3205-05
008 090401t1996 xxu||||| |||| 00| 0 eng d
035 _a(Sirsi) u13996
041 _aeng
245 _aRetirement home opportunities
260 _c1996
350 _a0
490 _aIndependent on Sunday
_v28 January 1996, 2.6(1)
520 _aLooks at the opportunities available to McCarthy & Stone, retirement homes specialist with only one small quoted rival: Secure Retirement. Looks the market for new retirement homes.
650 _aMCCARTHY AND STONE
650 _aRETIREMENT HOMES
650 _aSECURE RETIREMENT
690 _aBUILT ENVIRONMENT
942 _n0
948 _c04/03/1997
999 _c9060
_d9060